[Event "AUTO-ADV-4931"]
[Site "http://www.queenalice.com/game.php?id=1872143"]
[Date "2026.4.17"]
[Round "1"]
[White "Carlos19"]
[Black "kuntakinte"]
[Result "1-0"]
[WhiteElo "1785"]
[BlackElo "1779"]

1. e4 e5 2. Nf3 d6 3. Bc4 f6 4. d3 c6 5. b4 b5 6. Bb3 a5 7. c3 a4 8. Bc2 Bg4 9.
h3 Bh5 10. g4 Bf7 11. h4 Be6 12. g5 Bg4 13. h5 fxg5 14. h6 Nxh6 15. d4 Qf6 16.
Nbd2 Nf7 17. dxe5 dxe5 18. Rg1 Qe6 19. a3 Be7 20. Bd3 Bh5 21. Be2 Bg6 22. c4 Nd7
23. cxb5 cxb5 24. Bxb5 O-O 25. Nc4 Rfd8 26. Qe2 Nf6 27. Nxg5 Qb6 28. Nxb6 Bh5
29. Qe3 Ng4 30. Qh3 g6 31. Nxa8 Bxg5 32. Bxg5 Nxg5 33. Qc3 Rxa8 34. Qc6 Rf8 35.
Ra2 Nf3+ 36. Kf1 Nxg1 37. Kxg1 Kg7 38. Bxa4 Nf6 39. Qc7+ Kh6 40. Qe7 1-0

[Event "AUTO-INT-3960"]
[Site "http://www.queenalice.com/game.php?id=1872325"]
[Date "2026.4.23"]
[Round "2"]
[White "kuntakinte"]
[Black "ajr"]
[Result "0-1"]
[WhiteElo "1798"]
[BlackElo "1703"]

1. e4 c5 2. c4 Nc6 3. Nf3 h6 4. d3 d6 5. Be2 Bg4 6. Nc3 Nf6 7. h3 Bxf3 8. Bxf3
a6 9. O-O e6 10. a3 Be7 11. b3 Nd4 12. b4 Nxf3+ 13. Qxf3 O-O 14. b5 Qa5 15. Bb2
axb5 16. cxb5 e5 17. a4 Qb4 18. Ra2 b6 19. Nd5 Nxd5 20. exd5 Qd2 21. Rd1 Qf4 22.
Qe2 Bf6 23. Bc1 Qd4 24. Qf3 Rxa4 25. Be3 Qb4 26. Rxa4 Qxa4 27. Rc1 Qxb5 28. Bd2
Bg5 29. Rd1 f6 30. g3 Bxd2 31. Rxd2 f5 32. Qh5 Qb4 33. Rd1 Qd4 34. Rb1 Qxd3 35.
Rxb6 Qxd5 36. Qg6 Rf6 37. Rb8+ Rf8 38. Rxf8+ Kxf8 39. Qxf5+ Kg8 40. g4 c4 41. h4
Qf7 42. Qc8+ Kh7 43. Qc6 d5 44. Qc5 e4 45. Qd4 g6 46. Qe3 Qf3 47. Qxf3 exf3 48.
Kf1 c3 49. Ke1 Kg7 50. Kd1 Kf6 51. Kc2 d4 52. Kd3 Ke5 53. Kc2 Kf4 54. Kd3 Kxg4
0-1

[Event "AUTO-ADV-4936"]
[Site "http://www.queenalice.com/game.php?id=1873351"]
[Date "2026.5.13"]
[Round "1"]
[White "silverado"]
[Black "kuntakinte"]
[Result "1-0"]
[WhiteElo "1958"]
[BlackElo "1745"]

1. d4 d5 2. c4 c6 3. c5 e6 4. Bf4 Ne7 5. e3 Nf5 6. Nf3 b6 7. Bxb8 Rxb8 8. b4 b5
9. Ne5 Qc7 10. Qf3 a5 11. a3 f6 12. Qh5+ Kd8 13. Nf7+ Kd7 14. Nxh8 Bb7 15. Qf7+
Be7 16. Ng6 hxg6 17. Qxg6 Bf8 18. g4 Ne7 19. Qf7 g6 20. Qxf6 Re8 21. Bh3 Kc8 22.
Qxe6+ Kb8 23. Qf7 Qd7 24. bxa5 Bc8 25. O-O Qd8 26. Nd2 Bd7 27. a6 Ka7 28. a4 b4
29. Rab1 Qa5 30. Ra1 Qxa6 31. Rab1 Qa5 32. Nb3 Qa6 33. Nd2 Qa5 34. Rb3 Qxa4 35.
Rfb1 Rb8 36. Qf4 Bg7 37. R3b2 Ng8 38. Qf7 Bf6 39. Qxd7+ Ka8 40. Bg2 Nh6 41. Bxd5
cxd5 42. Qxa4+ 1-0

[Event "AUTO-ADV-4936"]
[Site "http://www.queenalice.com/game.php?id=1873352"]
[Date "2026.5.13"]
[Round "1"]
[White "kuntakinte"]
[Black "zubarev"]
[Result "0-1"]
[WhiteElo "1815"]
[BlackElo "1976"]

1. e4 e5 2. Nf3 Nc6 3. Nc3 d6 4. Bc4 Be7 5. O-O Nf6 6. d3 Bg4 7. h3 Bh5 8. Qe1
Bxf3 9. gxf3 Nd4 10. Qd1 Qd7 11. Be3 Qxh3 12. Bxd4 exd4 13. Nd5 Nxd5 14. Bxd5 c6
15. Bb3 O-O 16. f4 Kh8 17. f5 Bg5 18. Qe2 Bf4 19. f3 Be3+ 20. Rf2 Qg3+ 21. Kh1
Bxf2 22. Qf1 Qxf3+ 23. Kh2 Qg3+ 24. Kh1 Qh4+ 25. Kg2 Bg3 26. Qh1 Qg5 27. Rg1 Qe3
28. Rf1 Bf4 29. Qh3 Qd2+ 30. Kh1 Bh6 31. Qh5 Bf4 32. Bxf7 Rxf7 33. Rg1 Rf6 34.
Rg6 Rxg6 35. fxg6 Qh2+ 36. Qxh2 Bxh2 37. Kxh2 Rf8 38. gxh7 Rf2+ 39. Kg3 Rxc2 0-1

[Event "AUTO-ADV-4936"]
[Site "http://www.queenalice.com/game.php?id=1873353"]
[Date "2026.5.13"]
[Round "1"]
[White "zubarev"]
[Black "kuntakinte"]
[Result "0-1"]
[WhiteElo "1970"]
[BlackElo "1799"]

1. d4 d5 2. Nc3 e6 3. Nf3 Bb4 4. Bd2 Ba5 5. e3 c6 6. Bd3 Nf6 7. O-O Qd6 8. Ne5
a6 9. Ne2 Bb6 10. c3 O-O 11. f4 Bc7 12. c4 b6 13. a3 dxc4 14. Nxc4 Qd8 15. Ne5
Nd5 16. Rc1 Bb7 17. Nc3 c5 18. Nxd5 Qxd5 19. Nf3 Nc6 20. Bxh7+ Kh8 21. Ng5 g6
22. Qg4 Bd8 23. Qh3 Kg7 24. dxc5 Bxg5 25. fxg5 Qxg5 26. Bc3+ Ne5 27. Rf4 f6 28.
Bd2 Rh8 29. Qxe6 Qxg2# 0-1

[Event "AUTO-ADV-4936"]
[Site "http://www.queenalice.com/game.php?id=1873354"]
[Date "2026.5.13"]
[Round "1"]
[White "kuntakinte"]
[Black "Capixabba789"]
[Result "1/2-1/2"]
[WhiteElo "1777"]
[BlackElo "1850"]

1. e4 e5 2. Nf3 d6 3. Bc4 Be7 4. O-O Nf6 5. d3 O-O 6. c3 c5 7. a3 Nc6 8. Bb5 Bd7
9. Bxc6 Bxc6 10. Nbd2 a6 11. b3 Qc7 12. a4 Rad8 13. c4 b5 14. cxb5 axb5 15. a5
b4 16. Bb2 Ra8 17. Nc4 Bb5 18. Qc2 Bxc4 19. Qxc4 Rxa5 20. h3 Rfa8 21. Ng5 d5 22.
exd5 Bd6 23. Rae1 Rd8 24. Nf3 Qb7 25. Bxe5 Qxd5 26. Bxf6 Qxc4 27. bxc4 gxf6 28.
Nd2 Be5 29. Nb3 Ra2 30. Nxc5 Bd4 31. Nb3 Bc3 32. Re3 Ra3 33. Nc5 Ra2 34. Rf3 Bd4
35. Nb3 Rb2 36. Nxd4 Rxd4 37. Rd1 b3 38. c5 Rc2 39. Rxf6 Rxc5 40. Rb6 Rc3
1/2-1/2

[Event "AUTO-ADV-4936"]
[Site "http://www.queenalice.com/game.php?id=1873355"]
[Date "2026.5.13"]
[Round "1"]
[White "Capixabba789"]
[Black "kuntakinte"]
[Result "0-1"]
[WhiteElo "1847"]
[BlackElo "1780"]

1. d4 d5 2. Nc3 Nf6 3. f4 e6 4. Nf3 Bb4 5. Bd2 Bd6 6. e3 O-O 7. Bd3 a6 8. O-O c6
9. Ne5 b5 10. Ne2 c5 11. dxc5 Bxc5 12. Ng3 Bb7 13. Kh1 d4 14. e4 Nfd7 15. Ng4 g6
16. Ne5 Nc6 17. Ng4 Kh8 18. e5 Be7 19. a3 Bh4 20. Ne4 Ne7 21. Ngf6 Bxf6 22. Nxf6
Nxf6 23. exf6 Nf5 24. Bb4 Re8 25. Bxf5 exf5 26. Be7 Qd5 27. Rg1 a5 28. Qe1 Rac8
29. Qh4 Rg8 30. Rac1 d3 31. Qg3 Rxc2 32. Rcd1 d2 33. h3 Rxb2 34. Qg5 Qc6 35. Qh6
Qe8 36. Kh2 b4 37. axb4 axb4 0-1